| 000 | 00822nam a2200253 a 4500 | ||
|---|---|---|---|
| 001 | 57062 | ||
| 005 | 20180714053121.0 | ||
| 008 | 140415s1999 xxu r 000 0 spa d | ||
| 020 | _a0-19-511557-0 | ||
| 041 | _aspa | ||
| 082 | 0 |
_a261.55 _bLIV |
|
| 100 | 1 |
_aLivingstone, David N. _eautor |
|
| 245 | 1 | 0 |
_aEvangelicals and science in historical perspective / _cDavid N. Livingstone. |
| 264 | 1 |
_aEstados Unidos de América : _bOxford University press ; _c1999 |
|
| 300 |
_a351 páginas ; _c23 cm. |
||
| 336 |
_atexto _2rdacontent |
||
| 337 |
_asin mediación _2rdamedia |
||
| 338 |
_avolumen _2rdacarrier |
||
| 490 | 0 | _aReligión in America Series | |
| 650 | 0 |
_aReligión y ciencia _xHistoria |
|
| 650 | 0 |
_aEvangelicalismo _xHistoría |
|
| 700 | 1 |
_aHart, D. G _d(Darryl G.) |
|
| 700 | 1 | _aNoll, Mark A. | |
| 999 |
_c57062 _d57062 |
||